000 00369nam a2200145Ia 4500
008 230917s9999||||xx |||||||||||||| ||und||
040 _e76794
_aMAIN
041 _aEnglish
082 _a658.3 R18C
100 _aRao, Nageshwar
245 0 _aCases in human resource management
260 _aMumbai
_bHimalaya Publishing House
_c2002
300 _a102 p.
942 _cBK
999 _c113549
_d113549